Hollywood Aliases - Statistics

General Stats
  • This quiz has been taken 28 times
  • The average score is 9 of 20
Answer Stats
Birth Name Stage Name % Correct
Reginald Dwight Elton John
81%
Stefani Germanotta Lady Gaga
81%
William Pitt Brad Pitt
77%
Alecia Beth Moore Pink
65%
Gordon Sumner Sting
65%
Cherilyn Sarkisian Cher
58%
Natalie Hershlag Natalie Portman
58%
Calvin Broadus Jr Snoop Dogg
46%
Cornelius Chase Chevy Chase
42%
Frances Ethel Gumm Judy Garland
42%
Declan MacManus Elvis Costello
35%
Katheryn Hudson Katy Perry
35%
Aubrey Graham Drake
27%
Eric Marlon Bishop Jamie Fox
27%
Allan Konigsberg Woody Allen
27%
Krishna Pandit Bhanji Ben Kingsley
23%
Peter Hernandez Bruno Mars
23%
Abel Makkonen Tesfaye The Weeknd
23%
Ella Yelich-O’Connor Lorde
19%
Edward Severson III Eddie Vedder
15%
No matching quizzes found
Score Distribution
Percent of People with Each Score
Percentile by Number Answered
Your Score History
You have not taken this quiz